00441 2200181 4500001002100000005001500021035002000036245003600056100001100092250000600103300003400109260004000143082001000183084001600193020000600209650002700215990001700242INLIS00000000000109220190430123109 a0010-04190001011 aBunga Dalam Teka-Teki /cSeruni0 aSeruni a- av, 67 hlm. :bilus. ;c21 cm. a[ s.l ] :bPT Dianasri Bunda,c1997 a635.9 a635.9 SER b a- aBunga dan Tanaman Hias a03953/H/2018